书目信息 |
| 题名: |
地球是怎样演变的
|
|
| 作者: | 何国琦 著 | |
| 分册: | ||
| 出版信息: | 北京 中国青年出版社 1983 |
|
| 页数: | 253页 | |
| 开本: | 19cm | |
| 丛书名: | ||
| 单 册: | ||
| 中图分类: | P311 | |
| 科图分类: | ||
| 主题词: | 地球演化 | |
| 电子资源: | ||
| ISBN: | ||
| 000 | 00569nam0 2200217 450 | |
| 001 | 1559328338 | |
| 005 | 20150129162904.92 | |
| 010 | @dCNY0.70 | |
| 091 | @a13009.276 | |
| 100 | @a19950606d1983 em y0chiy0110 ea | |
| 101 | 0 | @achi |
| 102 | @aCN@b110000 | |
| 105 | @ay z 000yy | |
| 200 | 1 | @a地球是怎样演变的@9di qiu shi zen yang yan bian de@f何国琦著 |
| 210 | @a北京@c中国青年出版社@d1983 | |
| 215 | @a253页@d19cm | |
| 606 | 0 | @a地球演化 |
| 690 | @aP311@v5 | |
| 701 | 0 | @a何国琦@9he guo qi@f(1934~)@4著 |
| 801 | 0 | @aCN@bTSSF@c20150129 |
| 905 | @aZUCC@dP311@eJY1 | |
| 地球是怎样演变的/何国琦著.-北京:中国青年出版社,1983 |
| 253页;19cm |
| ISBN :CNY0.70 |
| ● |
| 相关链接 |
|
|
|
|
正题名:地球是怎样演变的
索取号:P311/JY1
 
预约/预借
| 序号 | 登录号 | 条形码 | 馆藏地/架位号 | 状态 | 备注 |
| 1 | 7844692 | 278446923 | 学院路分馆/ [索取号:P311/JY1] | 在馆 |